| 000 | 00906nam a2200241 a 4500 | ||
|---|---|---|---|
| 003 | CBULib | ||
| 005 | 20240604092508.0 | ||
| 008 | 110901s2011 ||||||||||||||||| || u | ||
| 020 | _a9789211170382 | ||
| 040 |
_aCBULib _bEnglish _cCBULib _dCBULib _erda |
||
| 050 | _aUNECE(02)2011/8 | ||
| 110 | _aUnited Nations Economic Commission for Europe (UNECE) | ||
| 245 | 1 | 0 |
_aRoad map for mainstreaming ageing in Armenia _c/by United Nations Economic Commission for Europe [UNECE] |
| 260 |
_aGeneva: _bUnited Nations Economic Commission for Europe (UNECE) _c2011 |
||
| 300 | _axii, 90pages.: illustration | ||
| 336 |
_2rdacontent _aText | _btxt |
||
| 337 |
_2rdamedia _aUnmediated | _bn |
||
| 338 |
_2rdacarrier _aVolume _bnc |
||
| 650 | 0 |
_aAGEING--EMPLOYMENT POLICY--ARMENIA _92959 |
|
| 650 | 0 |
_aOLD AGE ASSISTANCE--ARMENIA _92962 |
|
| 942 |
_2mc _c029 |
||
| 999 |
_c56611 _d56611 |
||